000 00707nam a2200265Ia 4500
999 _c54313
_d54313
001 21369
003 GE_BSU
005 20211102162953.0
008 181216s||||||||xx |||||||||||||| ||und||
020 _a9782262027995
040 _cGE_BSU
080 _a94(44) W-65
100 _aWieviorka, Olivier
_912791
245 _aHistorie de La Resistance. 1940-1945
260 _aParis
260 _bPerrin
260 _c2013
300 _a576 p. 24 cm.
300 _eBibl.:p. 547-554., Index.: p. 555-568
541 _h102 Gel.
653 _aHistorie de La Resistance. 1940-1945
653 _aвсеобщая история
653 _aზოგადი ისტორია
942 _cBK
_2udc